Súčasná ekonomická kríza a jej dopady na Slovenskú ekonomiku bakalárska práca

Enregistré dans:
Détails bibliographiques
Auteur principal: Tóthová, Miriam
Collectivité auteur: Národohospodárska fakulta EU. Katedra financií
Autres auteurs: Chandoga, Roman
Format: Livre
Langue:slovaque
Publié: Bratislava 2014
Tags: Ajouter un tag
Pas de tags, Soyez le premier à ajouter un tag!

MARC

LEADER 00000nbm a2200000 4500
001 0189449
005 20170201085450.0
041 0 |a slo 
044 |a SK 
245 1 0 |a Súčasná ekonomická kríza a jej dopady na Slovenskú ekonomiku  |b bakalárska práca  |c Miriam Tóthová ; školiteľ: Roman Chandoga 
264 1 |a Bratislava  |c 2014 
300 |a 50 s. 
100 1 |a Tóthová, Miriam 
700 1 |a Chandoga, Roman 
710 2 |a Národohospodárska fakulta EU. Katedra financií